The red Pony : Elementary level

Αποθηκεύτηκε σε:
Λεπτομέρειες βιβλιογραφικής εγγραφής
Κύριος συγγραφέας: Steinbeck, John, 1902-1968
Μορφή: Βιβλίο
Γλώσσα:English
Δημοσίευση: Oxford : Heinemann, 1992
Θέματα:
Ετικέτες: Προσθήκη ετικέτας
Δεν υπάρχουν, Καταχωρήστε ετικέτα πρώτοι!

MARC

LEADER 00000nam a2200000 i 4500
001 1/22898
008 950309s1992 eng d
020 |a 0-435-27204-7 
035 |l 10021983 
040 |a GR-MY-UA  |b gre  |e aacr 
041 0 |a eng 
082 0 |a 428.64 
100 1 |a Steinbeck, John,   |d 1902-1968. 
245 1 4 |a The red Pony :  |b Elementary level /  |c Steinbeck John 
260 |a Oxford :   |b Heinemann,   |c 1992 
650 0 0 |a English language  |x Readers. 
852 |a INST  |b CHIOS  |e 19950309  |h 428.64 STE  |p 005200003936  |q 005200003936  |t BK  |y 0 
909 |a Χ  |b 037433